000 00422nam a22001457a 4500
005 20180723124719.0
020 _a8188836729
_c825.00
035 _aB-219640, B-219639
037 _aDPL
_bENG
245 _aTourism and biodiversity /
_cby Romila Chawla
260 _aNew Delhi
_bSonali Publications
_c2005
300 _a338p.
_c20 cms.
700 _aChawla, Romila
_947593
942 _2ddc
_cEN
_h338.4791
_mTOU
999 _c66967
_d66967